The Decisive Writer (Record no. 5772)
[ view plain ]
| 000 -LEADER | |
|---|---|
| fixed length control field | 00424nam a22001457a 4500 |
| 008 - FIXED-LENGTH DATA ELEMENTS--GENERAL INFORMATION | |
| fixed length control field | 170916b xxu||||| |||| 00| 0 eng d |
| 020 ## - INTERNATIONAL STANDARD BOOK NUMBER | |
| International Standard Book Number | 978-1-413-00013-9 |
| 082 ## - DEWEY DECIMAL CLASSIFICATION NUMBER | |
| Classification number | 808 RAI |
| 100 ## - MAIN ENTRY--PERSONAL NAME | |
| Personal name | RAIGN,Rosser Kathryn |
| 245 ## - TITLE STATEMENT | |
| Title | The Decisive Writer |
| Statement of responsibility, etc. | Kathyn Rosser Raign |
| Medium | English |
| 260 ## - PUBLICATION, DISTRIBUTION, ETC. (IMPRINT) | |
| Place of publication, distribution, etc. | Australia |
| Name of publisher, distributor, etc. | Thomson |
| Date of publication, distribution, etc. | 2006 |
| 300 ## - PHYSICAL DESCRIPTION | |
| Extent | 540p |
| Other physical details | Ili.(charts and maps) |
| Dimensions | 24cm |
| 650 ## - SUBJECT ADDED ENTRY--TOPICAL TERM | |
| Source of heading or term | Business Communication |
| 942 ## - ADDED ENTRY ELEMENTS (KOHA) | |
| Source of classification or shelving scheme | |
| Koha item type | BOOKS |
| Withdrawn status | Lost status | Source of classification or shelving scheme | Damaged status | Not for loan | Home library | Current library | Date acquired | Total Checkouts | Full call number | Barcode | Date last seen | Price effective from | Koha item type |
|---|---|---|---|---|---|---|---|---|---|---|---|---|---|
| Mwanza | Mwanza | 16/09/2017 | 808 RAI | 100000001078 | 16/09/2017 | 16/09/2017 | BOOKS |